Access is coming home (Record no. 74038)

MARC details
000 -LEADER
fixed length control field 00928cab a2200229 4500
001 - CONTROL NUMBER
control field ABS67339
008 - FIXED-LENGTH DATA ELEMENTS--GENERAL INFORMATION
fixed length control field 040107n2003 000 0 eng u
035 ## - SYSTEM CONTROL NUMBER
System control number (Sirsi) u124749
100 ## - MAIN ENTRY--PERSONAL NAME
Personal name Hodgkinson, C.
245 ## - TITLE STATEMENT
Title Access is coming home
260 ## - PUBLICATION, DISTRIBUTION, ETC.
Date of publication, distribution, etc. 2003
490 ## - SERIES STATEMENT
Series statement Access by Design
Volume/sequential designation (97) Winter 2003, 21-24(4)
520 ## - SUMMARY, ETC.
Summary, etc. Reviews the development of the Accessible Property Register, which is a new resource for disabled people looking to buy, rent or sell accessible or adapted housing. The website can be found at www.accessible-property.org.uk.
590 ## - LOCAL NOTE (RLIN)
Local note ABS
650 ## - SUBJECT ADDED ENTRY--TOPICAL TERM
Topical term or geographic name entry element MANAGEMENT-BUSINESS MANAGEMENT-DISCRIMINATION-DISABILITY DISCRIMINATION-ACCESSIBILITY
650 ## - SUBJECT ADDED ENTRY--TOPICAL TERM
Topical term or geographic name entry element ACCESSIBLE PROPERTY REGISTER
650 ## - SUBJECT ADDED ENTRY--TOPICAL TERM
Topical term or geographic name entry element WEBSITES
650 ## - SUBJECT ADDED ENTRY--TOPICAL TERM
Topical term or geographic name entry element ACCESSIBLE HOUSING
690 ## - LOCAL SUBJECT ADDED ENTRY--TOPICAL TERM (OCLC, RLIN)
Topical term or geographic name as entry element HOUSING
856 ## - ELECTRONIC LOCATION AND ACCESS
Uniform Resource Identifier <a href="https://www.accessible-property.org.uk">https://www.accessible-property.org.uk</a>
Public note View the Accessible Property Register website...
942 ## - ADDED ENTRY ELEMENTS (KOHA)
Suppress in OPAC 0
Holdings
Withdrawn status Lost status Source of classification or shelving scheme Damaged status Not for loan Home library Current library Shelving location Date acquired Total Checkouts Full call number Barcode Date last seen Copy number Price effective from Koha item type
    Dewey Decimal Classification     London London Journal article 07/01/2004   ABS67339 124749-1001 06/08/2019 1 06/08/2019 Journal article